000 00571nam a2200169 i 4500
001 69612
003 ES-MaACL
005 20230906170547.0
007 t|
008 040708q1952 sp ||||1| spa d
100 1 _aGarcía Fernández, Jesús.
_954598
245 1 0 _aAlcalá de Henares
_b: (estudios de geografía urbana) /
_cpor Jesús García Fernández.
260 _a[S.l. :
_bs.n.,
_c1952?]
300 _a29 h., 11 lám. ;
_c25 cm.
500 _aEs separata de: Estudios geográficos, año XIII, nº 47 p. 299-355, año 1952.
852 _aES-MaACL
_jD-8442
_bR.32893
999 _c69612
_d69612